Současná sociální hnutí ve světě /

Uložené v:
Podrobná bibliografia
Hlavný autor: Krasin, Jurij Andrejevič, 1929- (Author)
Ďalší autori: Šoltys, Otakar 1950- (Translator), Dražilová, Marika (Translator)
Médium: Kniha
Jazyk:Czech
Russian
Vydané: Praha : Svoboda, 1986.
Vydanie:1. vyd.
Edícia:Svět v pohybu
ISBN: (brož.) :
Fyzický popis: 307 s.
Tagy: Pridať tag
Žiadne tagy, Buďte prvý kto otaguje tento záznam!

MARC

LEADER 00000nam a2200000 4500
001 000157504
005 20120616074232.0
008 870302s1986 xr e cze d
020 |a (brož.) :  |c Kčs 18,00 
040 |a SVKKK  |b slo  |c SVKKK  |e AACR2 
041 1 |a cze  |h rus 
044 |a xr  |c CZ 
245 0 0 |a Současná sociální hnutí ve světě /  |c J. A. Krasin ... [et al.] ; z ruš. prel. Marika Dražilová, Otakar Šoltys. 
250 |a 1. vyd. 
260 |a Praha :  |b Svoboda,  |c 1986. 
300 |a 307 s. 
366 |e 1300 výt. 
490 1 |a Svět v pohybu 
500 |a Obálka Anna Kubů 
500 |a Preklad z ruštiny 
700 1 |a Krasin, Jurij Andrejevič,  |d 1929-  |4 aut 
700 1 |a Šoltys, Otakar  |d 1950-  |4 trl 
700 1 |a Dražilová, Marika  |4 trl 
830 0 |a Svět v pohybu 
910 |a svkkk 
998 |a BK 
090 |g SCKHL  |k Sklad Pribinova 2. posch.  |a II.298393  |j 738273  |i 157504-10  |s Absenčne 
090 |g SCKHL  |k Sklad Pribinova 2. posch.  |a II.321442  |j 747065  |i B240218  |s Absenčne